Score 0/20 Timer 02:00
0 Plays Today
MTV Show Missing Word % Correct
______ ShoreJersey
93%
______ and Butt-HeadBeavis
90%
16 and ______Pregnant
89.2%
______ My RidePimp
86.3%
My Super _____ 16Sweet
80.4%
______ WolfTeen
80%
My ______ As LizLife
76%
When ______ Was 17I
66.4%
The ______ WorldReal
64.4%
______ DeathmatchCelebrity
49%
MTV Show Missing Word % Correct
Total ______ LiveRequest
42.2%
Headbanger's ______Ball
42.1%
America's Best Dance ______Crew
41.5%
______ VibesGood
34.8%
______ RaidersRoom
32.6%
Rob Dyrdek's ______ FactoryFantasy
26.6%
______ LibrarySilent
24.9%
I Used To Be ______Fat
24.3%
______ LifeTrue
20.4%
Clone ______High
12.1%

Today's Daily Dose

Remove Ads.
Support Sporcle.
Get the best of Sporcle when you Go Orange. This ad-free experience offers more features, more stats, and more fun while also helping to support Sporcle. Thank you for becoming a member.

You're not logged in!

Compare scores with friends on all Sporcle quizzes.
OR
Log In

Show Comments

Extras

Top Quizzes Today


Score Distribution

Your Account Isn't Verified!

In order to create a playlist on Sporcle, you need to verify the email address you used during registration. Go to your Sporcle Settings to finish the process.

Report this User

Report this user for behavior that violates our Community Guidelines.

Details: